000 00220nam a22000857a 4500
008 160715b xxu||||| |||| 00| 0 eng d
100 _92875
_aGoscinny R
245 _aAsterix in Britain
260 _aUSA
_bOrion Publication
_c2004
999 _c2448
_d2448